000 00701nam a22002657a 4500
003 CHAP
005 20220329134115.0
008 971013s r 00010 d
010 _a15475
011 _a16447
035 _a20526
040 _cCHAP
090 _aFolleto 213
100 0 0 _aBernhard, R.
_911944
245 _aLes pruniers porte-greffes du pecher
260 _a(s.p.i.)
300 _ap. 75-100
_b: ilus.
590 _aBATCH-UPD
_b10
_c20130110
_lUCH01
_h1347
590 _aCONVERSION
_b10
_c20130109
_lUCH01
_h1310
650 1 4 _aDurazno.
_934570
700 0 _aGrasselly, Charles.
_950456
901 _aBK
942 _cFOLL
949 _aFolleto 213
_bBC
_cFOLL
_d-47858
_eTS1
_i20526
_si
999 _c15475
_d15475